[Event "Wijk aan Zee"]
[Site "?"]
[Date "1996.??.??"]
[Round "?"]
[White "Adams, Mi"]
[Black "Topalov, Veselin"]
[Result "1/2-1/2"]
[WhiteElo "2660"]
[BlackElo "2700"]
[PlyCount "81"]
[EventDate "1996.??.??"]
[Source "ChessBase"]
[SourceDate "1995.10.01"]

1. e4 c5 2. Nf3 d6 3. d4 cxd4 4. Nxd4 Nf6 5. Nc3 g6 6. Be3 Bg7 7. f3 Nc6 8. Qd2 O-O 9. O-O-O d5 10. Qe1 e6 11. h4 Qc7 12. h5 Nxh5 13. exd5 exd5 14. Ndb5 Qg3 15. Bf2 Qf4+ 16. Be3 Qf6 17. Rxd5 Nf4 18. Rd6 Be6 19. Qd2 Nh5 20. Bg5 Qe5 21. g4 Ng3 22. Bf4 Nxf1 23. Rxf1 Qc5 24. Be3 Qc4 25. Rh1 Nb4 26. Bd4 Nxa2+ 27. Nxa2 Qxa2 28. Qh2 h5 29. Bxg7 Kxg7 30. Qe5+ Kg8 31. Nc3 Qa1+ 32. Nb1 Ba2 33. Kd2 Rfe8 34. Qf6 Bxb1 35. Rxh5 gxh5 36. Qg5+ Kf8 37. Qh6+ Ke7 38. Qf6+ Kf8 39. Qh8+ Ke7 40. Qf6+ Kf8 41. Qh8+ 1/2-1/2

[Event "XXIV ECC"]
[Site "Kallithea GRE"]
[Date "2008.10.23"]
[Round "7"]
[White "Nisipeanu, LD."]
[Black "Timofeev, Arty"]
[Result "1/2-1/2"]
[WhiteElo "2684"]
[BlackElo "2670"]
[PlyCount "67"]
[EventDate "2008.10.17"]
[Source "www.chesslib.no"]
[SourceDate "2004.05.04"]

1. e4 c5 2. Nf3 d6 3. d4 cxd4 4. Nxd4 Nf6 5. Nc3 g6 6. Be3 Bg7 7. f3 Nc6 8. Qd2 O-O 9. O-O-O d5 10. Qe1 e6 11. h4 Qc7 12. h5 Nxh5 13. g4 Nxd4 14. Bxd4 Bxd4 15. Rxd4 Qe5 16. Qd2 Ng3 17. Rg1 dxe4 18. f4 e3 19. fxe5 exd2+ 20. Rxd2 Nxf1 21. Rxf1 f5 22. exf6 e5 23. g5 h6 24. Nd5 hxg5 25. Ne7+ Kf7 26. Nxc8 Raxc8 27. Rd7+ Ke6 28. Re7+ Kd6 29. Rd1+ Kc6 30. Re6+ Kc7 31. Re7+ Kc6 32. Re6+ Kc7 33. Re7+ Kc6 34. Re6+ 1/2-1/2

[Event "Shenyang"]
[Site "?"]
[Date "2000.??.??"]
[Round "?"]
[White "Svidler, P."]
[Black "Fedorov, Alex"]
[Result "1-0"]
[WhiteElo "2685"]
[BlackElo "2645"]
[PlyCount "61"]
[EventDate "2000.??.??"]
[Source "Chess Informant"]
[SourceDate "2000.06.01"]

1. e4 c5 2. Nf3 d6 3. d4 cxd4 4. Nxd4 Nf6 5. Nc3 g6 6. Be3 Bg7 7. f3 Nc6 8. Qd2 O-O 9. O-O-O d5 10. exd5 Nxd5 11. Nxc6 bxc6 12. Bd4 Bxd4 13. Qxd4 Qc7 14. Qc5 Nxc3 15. Qxc3 Be6 16. Bd3 c5 17. h4 c4 18. Be4 Rad8 19. h5 g5 20. h6 f6 21. a3 Bf7 22. Rhe1 Qg3 23. Qa5 Qf4+ 24. Kb1 Rxd1+ 25. Rxd1 g4 26. Qxa7 c3 27. Qxe7 Qxh6 28. b3 f5 29. Bxf5 gxf3 30. gxf3 Qb6 31. Bxh7+ 1-0

[Event "Bad Homburg"]
[Site "Bad Homburg"]
[Date "1997.07.28"]
[Round "3"]
[White "Svidler, Peter"]
[Black "Alterman, Boris"]
[Result "1/2-1/2"]
[WhiteElo "2660"]
[BlackElo "2615"]
[PlyCount "71"]
[EventDate "1997.07.26"]
[Source "ChessBase"]
[SourceDate "1997.10.13"]

1. e4 c5 2. Nf3 d6 3. d4 cxd4 4. Nxd4 Nf6 5. Nc3 g6 6. Be3 Bg7 7. f3 Nc6 8. Qd2 O-O 9. O-O-O d5 10. Qe1 e5 11. Nxc6 bxc6 12. exd5 Nxd5 13. Bc4 Be6 14. Ne4 Qc7 15. Bc5 Rfd8 16. g4 Nf4 17. Qc3 Bd5 18. Kb1 Rd7 19. Bf2 h6 20. Bh4 Re8 21. a3 Bxe4 22. fxe4 Rd4 23. Bd3 Qb6 24. Rhf1 Nxd3 25. cxd3 Qb5 26. Rf2 Rb8 27. Rc2 Bf8 28. Bf2 Ra4 29. Kc1 Rc8 30. Bc5 Bxc5 31. Qxc5 Qxc5 32. Rxc5 f6 33. Rd2 Kf7 34. Rdc2 Ra6 35. R2c3 Ke7 36. b4 1/2-1/2

[Event "Burgas"]
[Site "?"]
[Date "1994.??.??"]
[Round "?"]
[White "Topalov, V."]
[Black "Georgiev, Ki"]
[Result "1/2-1/2"]
[WhiteElo "2645"]
[BlackElo "2615"]
[PlyCount "59"]
[EventDate "1994.??.??"]
[Source "ChessBase"]
[SourceDate "1994.06.01"]

1. e4 c5 2. Nf3 d6 3. d4 Nf6 4. Nc3 cxd4 5. Nxd4 g6 6. Be3 Bg7 7. f3 Nc6 8. Qd2 O-O 9. O-O-O d5 10. exd5 Nxd5 11. Nxc6 bxc6 12. Bd4 Nxc3 13. Qxc3 Bh6+ 14. Be3 Bxe3+ 15. Qxe3 Qb6 16. Qxe7 Be6 17. Qf6 Bxa2 18. b3 Bxb3 19. cxb3 Qxb3 20. Rd3 Qb6 21. Qb2 Rfe8 22. Qxb6 axb6 23. Rd1 Ra1+ 24. Kc2 Ra2+ 25. Kb3 Rea8 26. Rd8+ Rxd8 27. Kxa2 Rd1 28. g3 g5 29. Kb3 Rd2 30. h4 1/2-1/2

[Event "Olimpiadi 2008 - open"]
[Site "Dresda GER"]
[Date "2008.11.25"]
[Round "11"]
[White "Petrosian, TL."]
[Black "Li Chao2"]
[Result "1-0"]
[WhiteElo "2629"]
[BlackElo "2622"]
[PlyCount "101"]
[EventDate "2008.11.13"]
[Source "www.chesslib.no"]
[SourceDate "2004.05.04"]

1. e4 c5 2. Nf3 d6 3. d4 cxd4 4. Nxd4 Nf6 5. Nc3 g6 6. Be3 Bg7 7. f3 Nc6 8. Qd2 O-O 9. O-O-O d5 10. exd5 Nxd5 11. Nxc6 bxc6 12. Bd4 Nxc3 13. Qxc3 Bh6+ 14. Be3 Bxe3+ 15. Qxe3 Qb6 16. Qxe7 Be6 17. Bd3 c5 18. Be4 Rab8 19. Qf6 Qa6 20. a3 Qc4 21. Rd6 Qa2 22. Rhd1 a5 23. h4 Qa1+ 24. Kd2 Qxb2 25. Qxb2 Rxb2 26. Kc3 Rfb8 27. Ra6 R2b5 28. Bd5 Bxd5 29. Rxd5 Re8 30. Ra7 Re3+ 31. Kd2 Re6 32. h5 gxh5 33. Rxh5 Rbb6 34. Rf5 Rbd6+ 35. Kc3 Re3+ 36. Kc4 Rd4+ 37. Kb5 Kg7 38. Rfxf7+ Kg6 39. Rg7+ Kh6 40. Rxh7+ Kg6 41. Rag7+ Kf6 42. Rf7+ Kg6 43. Rhg7+ Kh6 44. g4 Rxa3 45. f4 Raa4 46. Rh7+ Kg6 47. f5+ Kg5 48. Rfg7+ Kf4 49. c3 Re4 50. f6 Ra1 51. f7 1-0

[Event "TCh-NED"]
[Site "Enschede"]
[Date "2004.05.20"]
[Round "1"]
[White "Van den Doel, Erik"]
[Black "Rogers, Ian"]
[Result "1/2-1/2"]
[WhiteElo "2599"]
[BlackElo "2582"]
[PlyCount "111"]
[EventDate "2004.05.20"]
[Source "Roberto Alvarez"]
[SourceDate "2004.05.24"]

1. e4 c5 2. Nf3 d6 3. d4 cxd4 4. Nxd4 Nf6 5. Nc3 g6 6. Be3 Bg7 7. f3 Nc6 8. Qd2 O-O 9. O-O-O d5 10. exd5 Nxd5 11. Nxc6 bxc6 12. Bd4 Bxd4 13. Qxd4 Qb6 14. Na4 Qa5 15. b3 Qc7 16. Bc4 Rd8 17. g4 Be6 18. Nc5 Nf4 19. Nxe6 Nxe6 20. Qe3 Nf4 21. h4 Ng2 22. Qe4 Qf4+ 23. Qxf4 Nxf4 24. Rde1 e6 25. Re4 Nd5 26. Kb2 Nf6 27. Rf4 Kg7 28. Bd3 Rd6 29. Re1 Rad8 30. Rc4 Nd5 31. Be4 h6 32. Rc5 Nf6 33. b4 Nd5 34. Kb3 Ne7 35. a4 f5 36. Bd3 Kf6 37. Bc4 Nd5 38. b5 cxb5 39. axb5 R8d7 40. Bf1 Nf4 41. Rc8 Rd2 42. Bc4 Rf2 43. Re3 Rh2 44. h5 fxg4 45. fxg4 gxh5 46. Rf8+ Rf7 47. Rxf7+ Kxf7 48. Re4 Rh3+ 49. Kb2 Nd5 50. Bxd5 exd5 51. Ra4 Ke6 52. Rxa7 Kd6 53. Ra6+ Kc5 54. Rxh6 hxg4 55. Rg6 Kxb5 56. Rxg4 1/2-1/2

[Event "Burgas"]
[Site "?"]
[Date "1995.??.??"]
[Round "5"]
[White "Dolmatov, Sergey V"]
[Black "Alterman, Boris"]
[Result "1/2-1/2"]
[WhiteElo "2605"]
[BlackElo "2575"]
[PlyCount "121"]
[EventDate "1995.??.??"]
[Source "www.chesslib.no"]
[SourceDate "2004.05.04"]

1. e4 c5 2. Nf3 d6 3. d4 cxd4 4. Nxd4 Nf6 5. Nc3 g6 6. Be3 Bg7 7. f3 O-O 8. Qd2 Nc6 9. g4 Be6 10. O-O-O Nxd4 11. Bxd4 Qa5 12. a3 Rab8 13. h4 b5 14. Nd5 Qxd2+ 15. Rxd2 Bxd5 16. exd5 a5 17. Be2 Nd7 18. Bxg7 Kxg7 19. Re1 Rfc8 20. Bf1 Nc5 21. Kb1 Rc7 22. b3 b4 23. a4 h6 24. Kb2 g5 25. hxg5 hxg5 26. Re3 Rh8 27. c3 bxc3+ 28. Rxc3 Rh1 29. Bb5 Rc8 30. Re3 Kf6 31. Rf2 e5 32. dxe6 fxe6 33. f4 gxf4 34. Rxf4+ Ke7 35. Ref3 d5 36. Rf7+ Kd6 37. Ra7 Rch8 38. Rxa5 R8h2+ 39. Ka3 Rh3 40. Rxh3 Rxh3 41. Ra8 Rxb3+ 42. Ka2 Rg3 43. Rc8 Ne4 44. Kb2 Ke5 45. Rc1 Rxg4 46. a5 Nd6 47. Bf1 Ra4 48. Ra1 Rxa1 49. Kxa1 Nc8 50. Kb2 Na7 51. Kc3 Nc6 52. a6 Kd6 53. Bh3 e5 54. Bg2 Kc5 55. Kd2 Na7 56. Ke3 Nb5 57. Bf1 Na7 58. Bg2 Kc4 59. Bf1+ Kb4 60. Bg2 Kc5 61. Bf3 1/2-1/2

[Event "EUCup ZSKA-Sofia"]
[Site "Sofia BUL"]
[Date "1989.??.??"]
[Round "?"]
[White "Dolmatov, Sergey V"]
[Black "Georgiev, Kiril D"]
[Result "1/2-1/2"]
[WhiteElo "2580"]
[BlackElo "2590"]
[PlyCount "89"]
[EventDate "1989.??.??"]
[Source "www.chesslib.no"]
[SourceDate "2004.05.04"]

1. e4 c5 2. Nf3 d6 3. d4 cxd4 4. Nxd4 Nf6 5. Nc3 g6 6. Be3 Bg7 7. f3 Nc6 8. Qd2 O-O 9. g4 e6 10. Rg1 d5 11. g5 Nd7 12. exd5 exd5 13. O-O-O Nb6 14. f4 Re8 15. Rg3 Bd7 16. Bf2 Rc8 17. Kb1 Ne7 18. b3 Nf5 19. Nxf5 Bxf5 20. Bh3 Bxh3 21. Rxh3 Qd7 22. Rd3 Qg4 23. Bd4 h5 24. Bxg7 Kxg7 25. a4 Rc5 26. Qf2 Rec8 27. Qd4+ Kg8 28. Re1 Qd7 29. Kb2 Qc6 30. Rde3 Nc4+ 31. bxc4 Rxc4 32. Qxd5 Rxc3 33. Qxc6 R3xc6 34. Re8+ Rxe8 35. Rxe8+ Kg7 36. Kb3 Rb6+ 37. Kc4 Rb1 38. Re7 a5 39. c3 b6 40. Re2 Kf8 41. f5 gxf5 42. Rf2 Kg7 43. Rxf5 Kg6 44. Rb5 Rh1 45. Rxb6+ 1/2-1/2

[Event "Vrsac"]
[Site "?"]
[Date "1987.??.??"]
[Round "?"]
[White "Popovic, P."]
[Black "Georgiev, Kir"]
[Result "1/2-1/2"]
[WhiteElo "2560"]
[BlackElo "2605"]
[PlyCount "80"]
[EventDate "1987.??.??"]
[Source "ChessBase"]
[SourceDate "1987.07.01"]

1. e4 c5 2. Nf3 d6 3. d4 Nf6 4. Nc3 cxd4 5. Nxd4 g6 6. Be3 Bg7 7. f3 Nc6 8. Qd2 O-O 9. O-O-O d5 10. exd5 Nxd5 11. Nxc6 bxc6 12. Bd4 e5 13. Bc5 Be6 14. Ne4 Re8 15. h4 h6 16. g4 Qc7 17. g5 h5 18. Bc4 Rad8 19. Qf2 Rd7 20. Rd2 Red8 21. Rhd1 Rb8 22. Bb3 Rbd8 23. Kb1 Kh7 24. Ba3 Qa5 25. Kc1 Rb8 26. Nc5 Rdd8 27. Nxe6 fxe6 28. Rd3 Bf8 29. Bxf8 Rxf8 30. Qe2 Rf5 31. c4 Qc5 32. Kb1 Nb6 33. Rd6 a5 34. Rxe6 a4 35. Bc2 Nxc4 36. Bxf5 gxf5 37. Ka1 Na3 38. Rh6+ Kg8 39. Rg6+ Kh7 40. Rh6+ Kg8 1/2-1/2

[Event "Debrecen"]
[Site "?"]
[Date "1992.??.??"]
[Round "?"]
[White "Bologan, V."]
[Black "Georgiev, Ki"]
[Result "0-1"]
[WhiteElo "2555"]
[BlackElo "2610"]
[PlyCount "96"]
[EventDate "1992.??.??"]
[Source "ChessBase"]
[SourceDate "1992.10.01"]

1. e4 c5 2. Nf3 d6 3. d4 cxd4 4. Nxd4 Nf6 5. Nc3 g6 6. Be3 Bg7 7. f3 Nc6 8. Bc4 O-O 9. Bb3 Bd7 10. Nde2 Rb8 11. O-O b5 12. Nf4 a5 13. a4 b4 14. Nb5 Ne5 15. Qe2 Qe8 16. Nc7 Qd8 17. Nb5 Qc8 18. Nd4 Nc6 19. Nxc6 Bxc6 20. Nd3 Nd7 21. Bg5 Re8 22. f4 e6 23. Rae1 Qb7 24. e5 Bd5 25. Bxd5 exd5 26. Qf2 dxe5 27. fxe5 Nxe5 28. Nxe5 Rxe5 29. Rxe5 Bxe5 30. Bf6 Re8 31. Bxe5 Rxe5 32. Qc5 Qa6 33. Qc7 Qe6 34. Qxa5 Re1 35. Qa8+ Kg7 36. Qa7 Rxf1+ 37. Kxf1 Qf6+ 38. Kg1 Qxb2 39. Qc5 Qa1+ 40. Kf2 Qxa4 41. Ke3 b3 42. Qxd5 bxc2 43. Kd2 Qf4+ 44. Kxc2 Qxh2 45. Kd2 Qf4+ 46. Ke1 h5 47. Qa8 h4 48. Qa1+ Kh6 0-1

[Event "Bad Wiessee 71/228"]
[Site "?"]
[Date "1997.??.??"]
[Round "?"]
[White "Kasimdzhanov, Rustam"]
[Black "Alterman, Boris"]
[Result "1/2-1/2"]
[WhiteElo "2545"]
[BlackElo "2615"]
[PlyCount "110"]
[EventDate "1997.??.??"]
[Source "ChessBase"]
[SourceDate "1997.10.01"]

1. e4 c5 2. Nf3 d6 3. d4 cxd4 4. Nxd4 Nf6 5. Nc3 g6 6. Be3 Bg7 7. f3 Nc6 8. Qd2 O-O 9. O-O-O d5 10. exd5 Nxd5 11. Nxc6 bxc6 12. Bd4 Nxc3 13. Qxc3 Bh6+ 14. Be3 Bxe3+ 15. Qxe3 Qb6 16. Qxe7 Be6 17. Qa3 Rad8 18. Bd3 Rd5 19. Rhe1 Ra5 20. Qc3 Rxa2 21. b3 Qa5 22. Qxa5 Rxa5 23. Kb2 Rh5 24. h3 a5 25. Re4 Rd8 26. Ra4 Rhd5 27. g4 Kg7 28. Rc1 Rb8 29. Be4 Rd2 30. Kc3 Rh2 31. Rxa5 Rxh3 32. Kd4 Bd5 33. Bxd5 cxd5 34. Rf1 h5 35. gxh5 Rh2 36. hxg6 Rxc2 37. gxf7 Rb4+ 38. Ke5 Re2+ 39. Kxd5 Rxb3 40. Ra7 Rd3+ 41. Kc4 Rdd2 42. Rg1+ Rg2 43. Rh1 Rh2 44. Rha1 Rc2+ 45. Kd3 Rhd2+ 46. Ke3 Re2+ 47. Kf4 Rc4+ 48. Kg3 Rc6 49. f4 Rce6 50. R1a5 Re7 51. Kg4 Kxf7 52. Kf5 R2e6 53. Ra8 Rf6+ 54. Kg4 Rg6+ 55. Kf3 Rb7 1/2-1/2

[Event "Haifa"]
[Site "?"]
[Date "1995.??.??"]
[Round "?"]
[White "Svidler, P."]
[Black "Alterman, B."]
[Result "1-0"]
[WhiteElo "2585"]
[BlackElo "2575"]
[PlyCount "127"]
[EventDate "1995.??.??"]
[Source "ChessBase"]
[SourceDate "1995.02.01"]

1. e4 c5 2. Nf3 d6 3. d4 cxd4 4. Nxd4 Nf6 5. Nc3 g6 6. Be3 Bg7 7. f3 Nc6 8. Qd2 O-O 9. O-O-O d5 10. Qe1 e5 11. Nxc6 bxc6 12. exd5 Nxd5 13. Bc4 Be6 14. Ne4 Qc7 15. Bc5 Rfd8 16. Ng5 Bc8 17. g4 Rb8 18. Ba3 Bh6 19. Qh4 Kg7 20. f4 Bxg5 21. fxg5 Be6 22. Rde1 Nf4 23. Bxe6 Nxe6 24. Re3 Qa5 25. Qf2 Rd4 26. Rhe1 Rb5 27. Qf6+ Kg8 28. c3 Rf4 29. Qe7 Qd8 30. Qxd8+ Nxd8 31. Rxe5 Ne6 32. h3 a6 33. Be7 Rb7 34. Bf6 Kf8 35. R5e4 Rxe4 36. Rxe4 Ke8 37. Ra4 Rb6 38. Bd4 c5 39. Be3 Kd7 40. Rc4 Rc6 41. Kc2 Kd6 42. b3 Kd5 43. Kd3 Rd6 44. Ke2 Rc6 45. Kf3 Rd6 46. Ra4 Rc6 47. Ra5 Ke5 48. b4 Kd5 49. bxc5 Kc4 50. Ke4 Nc7 51. Ra4+ Kxc3 52. Bd4+ Kd2 53. Rb4 Ne6 54. Kd5 Rc8 55. Rb2+ Kd3 56. Rb3+ Kc2 57. Rc3+ Kd2 58. Bf6 Nc7+ 59. Kd6 Nb5+ 60. Kd7 Rc7+ 61. Kd8 Rc6 62. Rc4 Kd3 63. Rc1 Ke4 64. a4 1-0

[Event "Moskva"]
[Site "?"]
[Date "1982.??.??"]
[Round "?"]
[White "Tal, Mikhail N"]
[Black "Sax, Gyula"]
[Result "1/2-1/2"]
[WhiteElo "2605"]
[BlackElo "2550"]
[PlyCount "79"]
[EventDate "1982.??.??"]
[Source "www.chesslib.no"]
[SourceDate "2004.05.04"]

1. e4 c5 2. Nf3 d6 3. d4 cxd4 4. Nxd4 Nf6 5. Nc3 g6 6. Be3 Bg7 7. f3 Nc6 8. Qd2 O-O 9. g4 Be6 10. O-O-O Nxd4 11. Bxd4 Qa5 12. a3 Rfc8 13. h4 Rab8 14. h5 b5 15. h6 Bh8 16. Nd5 Qxd2+ 17. Rxd2 Nxd5 18. exd5 Bxd4 19. Rxd4 Bd7 20. Bd3 f6 21. b4 Rc7 22. Kb2 Rbc8 23. Re1 Kf8 24. Rde4 Be8 25. f4 Bf7 26. Rd4 Be8 27. Ra1 Bd7 28. f5 g5 29. Re4 Be8 30. Kc1 Rc3 31. Kd2 R8c7 32. Ke3 a5 33. Kd2 a4 34. Re3 Bf7 35. Be4 R3c4 36. c3 Rxe4 37. Rxe4 Bxd5 38. Rd4 Bc4 39. Re1 Ba2 40. Re2 1/2-1/2

[Event "Olimpiadi 2008 - open"]
[Site "Dresda GER"]
[Date "2008.11.13"]
[Round "1"]
[White "Stanojoski, Z."]
[Black "Guseinov, G."]
[Result "0-1"]
[WhiteElo "2502"]
[BlackElo "2650"]
[PlyCount "96"]
[EventDate "2008.11.13"]
[Source "www.chesslib.no"]
[SourceDate "2004.05.04"]

1. e4 c5 2. Nf3 Nc6 3. d4 cxd4 4. Nxd4 g6 5. Nc3 Bg7 6. Be3 Nf6 7. Bc4 O-O 8. Bb3 d6 9. f3 Bd7 10. h4 Nxd4 11. Bxd4 b5 12. h5 a5 13. hxg6 hxg6 14. a4 bxa4 15. Nxa4 e5 16. Be3 Be6 17. Qd2 Bxb3 18. cxb3 d5 19. Nb6 Rb8 20. Nxd5 Nxd5 21. exd5 e4 22. Bh6 e3 23. Bxe3 Rxb3 24. O-O Re8 25. Bd4 Qxd5 26. Rad1 Rd8 27. Be3 Qxd2 28. Rxd2 Rxd2 29. Bxd2 a4 30. Rc1 Rxb2 31. Rc8+ Kh7 32. Bc1 Rb1 33. Kf2 Rxc1 34. Rxc1 a3 35. Rc2 Bb2 36. Kg3 a2 37. Rxb2 a1=Q 38. Re2 Qd1 39. Re4 Qd2 40. Rh4+ Kg7 41. Kh2 Qd6+ 42. Kh1 Kf6 43. Kg1 Kf5 44. Kh1 Kg5 45. Rh7 Kf4 46. Rh3 Ke3 47. f4+ Ke4 48. Rf3 Qd1+ 0-1

[Event "Bulgaria"]
[Site "?"]
[Date "1995.??.??"]
[Round "?"]
[White "Spasov, V."]
[Black "Georgiev, Ki"]
[Result "1-0"]
[WhiteElo "2525"]
[BlackElo "2625"]
[PlyCount "85"]
[EventDate "1995.??.??"]
[Source "ChessBase"]
[SourceDate "1995.06.01"]

1. e4 c5 2. Nf3 d6 3. d4 cxd4 4. Nxd4 Nf6 5. Nc3 g6 6. Be3 Bg7 7. f3 Nc6 8. Qd2 O-O 9. O-O-O d5 10. Qe1 e6 11. h4 Qc7 12. h5 Nxh5 13. g4 Nxd4 14. Bxd4 Bxd4 15. Rxd4 Qf4+ 16. Rd2 Ng3 17. Rh3 d4 18. Nb5 a6 19. Nxd4 Nxf1 20. Qxf1 Rd8 21. Nb3 e5 22. Qf2 h5 23. Rh2 Rxd2 24. Nxd2 Be6 25. gxh5 g5 26. b3 Kh7 27. Kb2 Rd8 28. Nf1 b5 29. Ne3 Rd4 30. Rg2 Kh6 31. Qg1 b4 32. a3 a5 33. a4 Qf6 34. Qf1 Qf4 35. Qg1 Qf6 36. Rf2 Qf4 37. Ng4+ Kh7 38. Rg2 f6 39. Nxf6+ Qxf6 40. Rxg5 Rd7 41. Rg6 Qf4 42. Rxe6 Rg7 43. Qc5 1-0

[Event "USA (ch)"]
[Site "?"]
[Date "1992.??.??"]
[Round "?"]
[White "Wolff, P."]
[Black "Fedorowicz, J."]
[Result "1/2-1/2"]
[WhiteElo "2590"]
[BlackElo "2560"]
[PlyCount "71"]
[EventDate "1992.??.??"]
[Source "ChessBase"]
[SourceDate "1992.10.01"]

1. e4 c5 2. Nf3 d6 3. d4 cxd4 4. Nxd4 Nf6 5. Nc3 g6 6. Be3 Bg7 7. f3 O-O 8. Qd2 Nc6 9. g4 e6 10. Rg1 d5 11. g5 Ne8 12. exd5 exd5 13. O-O-O Nc7 14. f4 Re8 15. Rg3 Ne6 16. Nce2 Ncxd4 17. Nxd4 Nc5 18. Bg2 Ne4 19. Bxe4 Rxe4 20. Nb3 Qe8 21. Bd4 Bf5 22. Bxg7 Re2 23. Be5 Rxd2 24. Rxd2 Qa4 25. Rxd5 Qc6 26. Rd2 Qh1+ 27. Rd1 Qxh2 28. Rc3 Bg4 29. Re1 Qf2 30. Rce3 Rd8 31. Nd4 Re8 32. Re4 a6 33. b3 Qg2 34. R4e3 Qf2 35. Re4 Qg2 36. R4e3 1/2-1/2

[Event "Skopje op 18th"]
[Site "Skopje"]
[Date "2002.01.22"]
[Round "8"]
[White "Palac, Mladen"]
[Black "Kolev, Atanas"]
[Result "1/2-1/2"]
[WhiteElo "2580"]
[BlackElo "2568"]
[PlyCount "65"]
[EventDate "2002.01.15"]
[Source "ChessBase"]
[SourceDate "2002.03.21"]

1. e4 c5 2. Nf3 d6 3. d4 cxd4 4. Nxd4 Nf6 5. Nc3 g6 6. Be3 Bg7 7. f3 Nc6 8. Qd2 O-O 9. O-O-O d5 10. exd5 Nxd5 11. Nxc6 bxc6 12. Bd4 e5 13. Bc5 Be6 14. Ne4 Re8 15. h4 h6 16. g4 Qc7 17. g5 h5 18. Bc4 Red8 19. Qf2 Qb7 20. Rd2 a5 21. a4 Nf4 22. Bxe6 Nxe6 23. Bd6 Nd4 24. Rhd1 Rxd6 25. Nxd6 Qb4 26. Ne4 Rb8 27. c3 Nb3+ 28. Kc2 Qxa4 29. Rd8+ Rxd8 30. Rxd8+ Kh7 31. Kb1 Qa1+ 32. Kc2 Qa4 33. Kb1 1/2-1/2

[Event "TCh-BIH"]
[Site "Jahorina"]
[Date "2003.06.26"]
[Round "8"]
[White "Varga, Zoltan"]
[Black "Fedorov, Alexei"]
[Result "1-0"]
[WhiteElo "2533"]
[BlackElo "2604"]
[PlyCount "39"]
[EventDate "2003.06.21"]
[Source "Roberto Alvarez"]
[SourceDate "2003.07.07"]

1. e4 c5 2. Nf3 d6 3. d4 cxd4 4. Nxd4 Nf6 5. Nc3 g6 6. Be3 Bg7 7. f3 Nc6 8. Qd2 O-O 9. O-O-O d5 10. Kb1 Rb8 11. Ndb5 a6 12. Na7 e6 13. exd5 exd5 14. Nxc8 Rxc8 15. Nxd5 Nxd5 16. Qxd5 Qf6 17. Qb3 Rfe8 18. Bb6 Nd4 19. Bxd4 Qxd4 20. Bb5 1-0

[Event "Pula op"]
[Site "Pula"]
[Date "1997.??.??"]
[Round "7"]
[White "Palac, Mladen"]
[Black "Cebalo, Miso"]
[Result "1-0"]
[WhiteElo "2595"]
[BlackElo "2540"]
[PlyCount "87"]
[EventDate "1997.05.??"]
[Source "www.chesslib.no"]
[SourceDate "2004.05.04"]

1. e4 c5 2. Nf3 Nc6 3. d4 cxd4 4. Nxd4 g6 5. Nc3 Bg7 6. Be3 Nf6 7. Bc4 O-O 8. Bb3 d6 9. f3 Bd7 10. Qe2 Na5 11. O-O-O Nxb3+ 12. cxb3 Rc8 13. Kb1 a6 14. Qd2 Re8 15. g4 b5 16. g5 Nh5 17. Nce2 Bh3 18. Ng3 Bxd4 19. Bxd4 Ng7 20. Bc3 Rc6 21. f4 Qc8 22. Bxg7 Kxg7 23. Qf2 Rc5 24. b4 Rc4 25. b3 Rc3 26. Rc1 Rxc1+ 27. Rxc1 Qg4 28. Rg1 Qe6 29. Qf3 Rc8 30. Qd3 h5 31. gxh6+ Kh7 32. Qd4 f6 33. Qd3 f5 34. Qd4 Kxh6 35. Qe3 Kh7 36. Kb2 Qf6+ 37. e5 dxe5 38. Ne4 fxe4 39. Qxh3+ Kg7 40. Qxc8 exf4+ 41. Qc3 e5 42. Rd1 e3 43. Rd5 Kh6 44. Qxe5 1-0

[Event "Chicago 71/227"]
[Site "?"]
[Date "1997.??.??"]
[Round "?"]
[White "Goldin, Alexander"]
[Black "Serper, Grigory"]
[Result "1/2-1/2"]
[WhiteElo "2595"]
[BlackElo "2540"]
[PlyCount "92"]
[EventDate "1997.??.??"]
[Source "ChessBase"]
[SourceDate "1997.10.01"]

1. e4 c5 2. Nf3 d6 3. d4 cxd4 4. Nxd4 Nf6 5. Nc3 g6 6. Be3 Bg7 7. f3 Nc6 8. Qd2 O-O 9. g4 Nxd4 10. Bxd4 Be6 11. O-O-O Qa5 12. a3 Rfc8 13. h4 Rab8 14. Nd5 Qxd2+ 15. Rxd2 Nxd5 16. Bxg7 Kxg7 17. exd5 Bd7 18. Rd4 h6 19. Bd3 Rc5 20. Kd2 Re8 21. Re1 g5 22. Rh1 Rh8 23. Ke3 Rcc8 24. Kf2 Rcd8 25. Kg3 e5 26. dxe6 Bxe6 27. f4 gxf4+ 28. Rxf4 Rc8 29. Rd4 Rhd8 30. c3 Rc5 31. Kf4 Rd5 32. Rxd5 Bxd5 33. Re1 Be6 34. Re4 Kf6 35. Ra4 Ra8 36. Be4 d5 37. Bf3 a5 38. Rd4 Rg8 39. a4 b6 40. Rd2 Rg7 41. Rg2 Rg8 42. g5+ hxg5+ 43. hxg5+ Ke7 44. Rd2 f6 45. gxf6+ Kxf6 46. Rh2 Rg1 1/2-1/2

[Event "Vrsac YUG"]
[Site "Vrsac YUG"]
[Date "1987.??.??"]
[Round "?"]
[White "Popovic, Petar"]
[Black "Georgiev, Kiril D"]
[Result "1/2-1/2"]
[WhiteElo "2540"]
[BlackElo "2590"]
[PlyCount "55"]
[EventDate "1987.??.??"]
[Source "www.chesslib.no"]
[SourceDate "2004.05.04"]

1. e4 c5 2. Nf3 d6 3. d4 Nf6 4. Nc3 cxd4 5. Nxd4 g6 6. Be3 Bg7 7. f3 Nc6 8. Qd2 O-O 9. O-O-O d5 10. exd5 Nxd5 11. Nxc6 bxc6 12. Bd4 e5 13. Bc5 Be6 14. Ne4 Re8 15. h4 h6 16. g4 Qc7 17. g5 h5 18. Bc4 Rad8 19. Qf2 Rd7 20. Rd2 Red8 21. Rhd1 Rb8 22. Rd3 Bf8 23. Ba3 Qa5 24. Nc5 Rdd8 25. Nxe6 fxe6 26. Bxf8 Rxf8 27. Qe2 Rf5 28. Bxd5 1/2-1/2

[Event "Aarhus"]
[Site "Aarhus DEN"]
[Date "1993.??.??"]
[Round "4"]
[White "Sax, Gyula"]
[Black "Petursson, Margeir"]
[Result "1/2-1/2"]
[WhiteElo "2570"]
[BlackElo "2560"]
[PlyCount "35"]
[EventDate "1993.01.??"]
[Source "www.chesslib.no"]
[SourceDate "2004.05.04"]

1. e4 c5 2. Nf3 Nc6 3. d4 cxd4 4. Nxd4 g6 5. Nc3 Bg7 6. Be3 Nf6 7. Bc4 O-O 8. Bb3 d6 9. f3 Bd7 10. Qe2 Na5 11. O-O-O Nxb3+ 12. cxb3 Qa5 13. Kb1 Kh8 14. g4 Rab8 15. g5 Nh5 16. Qd2 b5 17. Nde2 Be6 18. Bd4 1/2-1/2

[Event "Deildakeppni 9596"]
[Site "Gardaboer"]
[Date "1996.03.??"]
[Round "?"]
[White "Arnason, Jon L"]
[Black "Petursson, Margeir"]
[Result "0-1"]
[WhiteElo "2535"]
[BlackElo "2585"]
[PlyCount "159"]
[EventDate "1996.??.??"]
[Source "www.chesslib.no"]
[SourceDate "2004.05.04"]

1. e4 c5 2. Nf3 d6 3. d4 cxd4 4. Nxd4 Nf6 5. Nc3 g6 6. Be3 Bg7 7. f3 Nc6 8. Bc4 O-O 9. Qe2 Na5 10. Bd3 Bd7 11. O-O Rc8 12. Kh1 a6 13. Nb3 Be6 14. Rfd1 Qc7 15. Nxa5 Qxa5 16. Qd2 Rfe8 17. Bd4 Qb4 18. Bf1 Nd7 19. Bxg7 Kxg7 20. Rab1 Nf6 21. a3 Qc5 22. Bd3 b5 23. Ne2 Red8 24. c3 d5 25. e5 Ne4 26. fxe4 dxe4 27. Nd4 exd3 28. Qxd3 Rd5 29. Re1 Rxe5 30. Nxe6+ fxe6 31. Qd7 Rc7 32. Rxe5 Qxe5 33. Qd2 Qd5 34. Qe2 Rc4 35. Rf1 Re4 36. Qc2 Re5 37. h3 Qc4 38. Qc1 Rf5 39. Re1 Qd3 40. Kh2 Rf2 41. Re3 Qd5 42. Rg3 Rd2 43. b3 Qd6 44. Qf1 Ra2 45. h4 Qe5 46. Qc1 Re2 47. Qg5 Qxg5 48. hxg5 Ra2 49. c4 bxc4 50. bxc4 Rc2 51. Re3 Kf7 52. Re4 Rc3 53. a4 Ra3 54. c5 Rc3 55. Re5 Rc4 56. a5 Ra4 57. Re3 Rxa5 58. Rc3 Ke8 59. Kg3 Kd7 60. Kf4 Ra4+ 61. Ke5 Rg4 62. c6+ Kc7 63. Kxe6 Rxg5 64. g3 a5 65. Kxe7 a4 66. Kf6 Ra5 67. Ra3 Kxc6 68. Kg7 Ra7+ 69. Kh6 Kb5 70. g4 Kb4 71. Ra1 g5 72. Kxg5 a3 73. Kh6 a2 74. g5 Ka3 75. Rf1 Rc7 76. Rf3+ Kb2 77. Rf2+ Rc2 78. Rxc2+ Kxc2 79. Kxh7 a1=Q 80. g6 0-1

[Event "ARM-ch"]
[Site "Yerevan"]
[Date "2000.09.05"]
[Round "6"]
[White "Asrian, Karen"]
[Black "Aronian, Levon"]
[Result "1/2-1/2"]
[WhiteElo "2566"]
[BlackElo "2551"]
[PlyCount "70"]
[EventDate "2000.08.30"]
[Source "ChessBase"]
[SourceDate "2000.11.21"]

1. e4 c5 2. Nf3 d6 3. d4 cxd4 4. Nxd4 Nf6 5. Nc3 g6 6. Be3 Bg7 7. f3 Nc6 8. Qd2 O-O 9. g4 Be6 10. O-O-O Nxd4 11. Bxd4 Qa5 12. a3 Rab8 13. h4 b5 14. Nd5 Qxd2+ 15. Rxd2 Bxd5 16. exd5 Nd7 17. f4 Nc5 18. Rh3 b4 19. Bxc5 dxc5 20. a4 e5 21. fxe5 Bxe5 22. Rf3 Rbd8 23. Bb5 Kg7 24. Bc6 Bf6 25. g5 Be5 26. Re2 f6 27. b3 Bd6 28. gxf6+ Rxf6 29. Rxf6 Kxf6 30. Kd2 g5 31. Re6+ Kf5 32. hxg5 Kxg5 33. Ke3 h5 34. Kf3 Rf8+ 35. Kg2 Rf6 1/2-1/2